000 00574cam a22001097a 4500
008 180718b1969 xxu||||| |||| 00| 0 eng d
082 _aA2:I21x73 Un3e
245 _aExecutive leadership in the public service: an annotated list of selected monographs
_cby Medical and General Reference Library, Department of Medicine and Surgery, United States
260 _aWashington, D.C.
_bMedical and General Reference Library, Department of Medicine and Surgery
_c1969
300 _a23p.
700 _aUnited States. Department of Medicine and Surgery. Medical and General Reference Library
999 _c487249
_d487249